| 000 | 00000nam##2200000za#4500 |
| 001 | 9.604137 |
| 003 | CaOODSP |
| 005 | 20210624211424 |
| 007 | cr ||||||||||| |
| 008 | 150406|2003||||xxc|||||o f|0| 0 fre|d |
| 022 | |a1701-5421 |
| 040 | |aCaOODSP|bfre |
| 043 | |an-cn--- |
| 086 | 1 |aFA1-2003/1-6F-PDF |
| 110 | 1 |aCanada. |bBureau du vérificateur général. |
| 245 | 10|aRapport de la vérificatrice générale du Canada à la Chambre des communes. Chapitre 6, : |h[ressource électronique]|bAide du gouvernement fédéral accordée aux Premières nations - le logement dans les réserves |
| 260 | |aOttawa - Ontario : |bBureau du vérificateur général du Canada |
| 300 | |a44p.|btableaux, photographies |
| 490 | 1 |aRapport de la vérificatrice générale du Canada à la Chambre des communes|x1701-5421|vAvril 2003 |
| 500 | |aLe n° de catalogue (FA1-2003/1-6F) et l'ISBN (0-662-88645-3) de l'édition imprimée ont été incorrectement copiés dans l'édition électronique. |
| 590 | |a12-34-Supp|b2012-07-31 |
| 775 | 08|tReport of the Auditor General of Canada to the House of Commons. Chapter 6, : |w(CaOODSP)9.574340 |
| 830 | #0|aRapport de la vérificatrice générale du Canada à la Chambre des communes,|x1701-5421|vAvril 2003|w(CaOODSP)9.502618 |
| 856 | 40|ahttp://publications.gc.ca|qPDF|s548 Ko|uhttps://publications.gc.ca/collections/collection_2012/bvg-oag/FA1-2003-1-6-fra.pdf|yAvril 2003 |